000 00636nam a2200205Ia 4500
008 241004s9999 xx 000 0 und d
020 _a9789387199323
037 _aTextbook
040 _aARTS
_bsan
_cARTS
041 _ahin
_2san
084 _aO15,2D40:g(Y) 152R0
_qARTS
100 _aRaj Kumari Au.
_9202078
245 _aKalidassaya natakeshu samajik vavasathaya samikashanam
_cRaj Kumari Au.
260 _aIndia
_bVaranasi Kala Parkashan
_c2022
300 _a173p.
365 _aINR
_b550
650 _aSanskrit Drama Sociology
_9724580
942 _cTB
_hO15,2D40:g(Y) 152R0
999 _c1218691
_d1218691